Normal view
MARC view
- الجنسية -- قوانين وتشريعات -- البلاد العربية -- المواطنة -- قوانين وتشريعات -- البلاد العربية
Entry Topical Term
001 - CONTROL NUMBER
- control field: 45953
003 - CONTROL NUMBER IDENTIFIER
- control field: JO-AjAnu
005 - DATE AND TIME OF LATEST TRANSACTION
- control field: 20230606081610.0
008 - FIXED-LENGTH DATA ELEMENTS
- fixed length control field: 230606|| aca||aabn | a|a d
040 ## - CATALOGING SOURCE
- Original cataloging agency: JO-AjAnu
- Transcribing agency: JO-AjAnu
150 ## - HEADING--TOPICAL TERM
- Topical term or geographic name entry element: الجنسية -- قوانين وتشريعات -- البلاد العربية -- المواطنة -- قوانين وتشريعات -- البلاد العربية
670 ## - SOURCE DATA FOUND
- Source citation: Work cat.: (JO-AjAnu)23524: البستاني، سعيد يوسف , author 45952, الجنسية والقومية في تشريعات الدول العربية " دراسة مقارنة "